| 000 | 00921cam a22002054a 4500 | ||
|---|---|---|---|
| 005 | 20250605163956.0 | ||
| 008 | 250528s ||||||||||||||||||||||||d | ||
| 035 | _a15479 | ||
| 020 | _a631191429 | ||
| 040 |
_aGR-AtMCL _bgre _dGR-AtMCL _eAACR2 |
||
| 245 | 1 | _aManaging Change for Competitive Success | |
| 260 |
_bBlackwell Publishing, _c1994 |
||
| 300 | _a324 | ||
| 520 | _aThis book offers a refreshing counterpoint to the static approach of the industrial organization tradition and to the inwardness of the 'excellence' literature. Competitiveness and Managing Change, A Changing Backcloth: New Rules and Relationships, Understanding the Environment, Leading Change, Linking Strategic and Operational Change, Human Resources as Assets and Liabilities, Coherence, References, Index. | ||
| 700 | 1 |
_aPettigrew Andrew _91409 |
|
| 700 | 1 |
_aWhipp Richard _91410 |
|
| 942 | _cBK | ||
| 999 |
_c1058 _d1058 |
||